2 hands - Tate McRae - Statistics

General Stats
  • This quiz has been taken 99 times
  • The average score is 431 of 518
Answer Stats
% Correct
hands
100%
hands)
100%
I
100%
(I
100%
me
100%
on
100%
two
100%
Two
100%
two)
100%
win
100%
You
100%
you
100%
want
98%
Want
98%
your
98%
go
97%
go)
97%
let
97%
Let
97%
a
95%
do
95%
Don't
95%
don't
95%
(Don't
95%
Just
93%
just
93%
to
93%
time
92%
all
90%
ever
90%
need
90%
Need
90%
times
88%
times,
88%
love
86%
Baby,
85%
baby
85%
my
85%
If
83%
if
83%
in
81%
it
81%
it,
81%
Like
81%
like
81%
(Like
81%
no,
81%
no)
81%
(No)
81%
I'm
80%
right
80%
the
80%
day
78%
got
78%
one
78%
one,
78%
tell
78%
that?
78%
that
78%
that,
78%
that)
78%
And
76%
back
76%
back)
76%
put
76%
Seventeen
76%
talk
76%
At
75%
at
75%
life
75%
place
75%
second
75%
needs
73%
We
73%
'em
71%
number
71%
more
69%
savin'
69%
them
69%
then
69%
touch
69%
(Yeah)
69%
Yeah
69%
fast
68%
gotta
68%
hear
68%
know
68%
much
68%
much,
68%
of
68%
Better
66%
(Better
66%
'Cause
66%
real
66%
room
66%
shit
66%
less
64%
not
64%
Not
64%
Can
63%
girl
63%
little
63%
they
63%
(They
63%
But
61%
could
61%
everybody's
61%
good
61%
mean
61%
lot
58%
she
58%
words,
58%
anymore
56%
it's
56%
that's
56%
thing
56%
up
56%
compare
54%
look
54%
Sayin'
54%
see
54%
top
54%
fucked
53%
hotels
53%
last
53%
sweet
51%
(Sweet)
51%
this
51%
well,
51%
fuckin'
49%
three
49%
Turn
49%
for
47%
free
47%
really
47%
out
46%
live
44%
night,
44%
trust
44%
names
42%
they're
42%
things,
42%
bought
41%
cute
41%
ain't
39%
bag
39%
with
39%
saying
37%
already
36%
gonna
36%
plenty
34%
spoil
34%
jewelry
32%
Still,
32%
Seen
29%
(Alright)
25%
No matching quizzes found
Score Distribution
Percent of People with Each Score
Percentile by Number Answered
Your Score History
You have not taken this quiz